Millimeter wave communication systems / (Record no. 219388)
[ view plain ]
| 000 -LEADER | |
|---|---|
| fixed length control field | 01311 a2200289 4500 |
| 003 - CONTROL NUMBER IDENTIFIER | |
| control field | Nust |
| 005 - DATE AND TIME OF LATEST TRANSACTION | |
| control field | 20220819105543.0 |
| 010 ## - LIBRARY OF CONGRESS CONTROL NUMBER | |
| LC control number | 2010013929 |
| 020 ## - INTERNATIONAL STANDARD BOOK NUMBER | |
| International Standard Book Number | 0470404620 (hardback) |
| 020 ## - INTERNATIONAL STANDARD BOOK NUMBER | |
| International Standard Book Number | 9780470404621 (hardback) |
| 035 ## - SYSTEM CONTROL NUMBER | |
| System control number | (OCoLC)ocn601087668 |
| 040 ## - CATALOGING SOURCE | |
| Transcribing agency | Nust |
| 082 00 - DEWEY DECIMAL CLASSIFICATION NUMBER | |
| Classification number | 621.384,HUA |
| 100 1# - MAIN ENTRY--PERSONAL NAME | |
| Personal name | Huang, Kao-Cheng. |
| 9 (RLIN) | 98215 |
| 245 10 - TITLE STATEMENT | |
| Title | Millimeter wave communication systems / |
| Statement of responsibility, etc. | Kao-Cheng Huang, Zhaocheng Wang. |
| 260 ## - PUBLICATION, DISTRIBUTION, ETC. | |
| Place of publication, distribution, etc. | Hoboken, N.J. : |
| Name of publisher, distributor, etc. | Wiley, |
| Date of publication, distribution, etc. | c2011. |
| 300 ## - PHYSICAL DESCRIPTION | |
| Extent | xiv, 275 p. : |
| Other physical details | ill. ; |
| Dimensions | 25 cm. |
| 490 1# - SERIES STATEMENT | |
| Series statement | IEEE Press series on digital and mobile communication |
| 505 ## - FORMATTED CONTENTS NOTE | |
| Formatted contents note | Millimeter Wave Characteristics (Page-1), Review of Modulations for Millimeter Wave Communication (Page-33), Millimeter Wave Transceivers (Page-71), Millimeter Wave MIMO (Page-133), Advanced Diversity over MIMO Channels (Page-163), Advanced Beam Steering and Beam Forming (Page-187), Single Carrier Frequency Domain Equalization (Page-217), |
| 650 #0 - SUBJECT ADDED ENTRY--TOPICAL TERM | |
| Topical term or geographic name entry element | Gigabit communications |
| General subdivision | Equipment and supplies. |
| 9 (RLIN) | 98216 |
| 650 #0 - SUBJECT ADDED ENTRY--TOPICAL TERM | |
| Topical term or geographic name entry element | Milimeter waves. |
| 9 (RLIN) | 98217 |
| 650 #0 - SUBJECT ADDED ENTRY--TOPICAL TERM | |
| Topical term or geographic name entry element | Millimeter wave communication systems. |
| 9 (RLIN) | 98185 |
| 650 #0 - SUBJECT ADDED ENTRY--TOPICAL TERM | |
| Topical term or geographic name entry element | Radio |
| General subdivision | Receivers and reception. |
| 700 1# - ADDED ENTRY--PERSONAL NAME | |
| Personal name | Wang, Zhaocheng, |
| Dates associated with a name | 1968- |
| 9 (RLIN) | 98218 |
| 830 #0 - SERIES ADDED ENTRY--UNIFORM TITLE | |
| Uniform title | IEEE series on mobile & digital communication. |
| 9 (RLIN) | 12303 |
| 942 ## - ADDED ENTRY ELEMENTS (KOHA) | |
| Source of classification or shelving scheme | |
| Koha item type | Reference |
| Withdrawn status | Lost status | Source of classification or shelving scheme | Damaged status | Not for loan | Permanent Location | Current Location | Shelving location | Date acquired | Full call number | Barcode | Date last seen | Price effective from | Koha item type | Public note |
|---|---|---|---|---|---|---|---|---|---|---|---|---|---|---|
| Military College of Signals (MCS) | Military College of Signals (MCS) | Reference | 12/12/2016 | 621.384,HUA | MCS37490 | 12/08/2016 | 12/12/2016 | Reference | Almirah No.23, Shelf No.3 |
